[Event "BCF-chT 0102 (4NCL)"]
[Site "Birmingham"]
[Date "2001.11.24"]
[Round "3.3"]
[White "Kirsanov, Oleg"]
[Black "Broom, Mark"]
[Result "1/2-1/2"]
[WhiteElo "2358"]
[BlackElo "2254"]
[PlyCount "70"]
[EventDate "2001.09.22"]
[EventType "team"]
[EventRounds "11"]
[EventCountry "ENG"]
[SourceTitle "CBM 084 Extra"]
[Source "ChessBase"]
[SourceDate "2001.10.26"]
[SourceVersion "1"]
[SourceVersionDate "2001.10.26"]
[SourceQuality "1"]
[WhiteTeam "Thistle White Rose"]
[BlackTeam "Beeson Gregory II"]
[WhiteTeamCountry "ENG"]
[BlackTeamCountry "ENG"]

1. d4 d5 2. Nf3 Nf6 3. c4 c6 4. Nc3 dxc4 5. a4 Bf5 6. e3 e6 7. Bxc4 Bb4 8. 0-0 Nbd7 9. Qb3 a5 10. Bd2 Qb6 11. Rfe1 0-0 12. Na2 Be7 13. Nc3 Bb4 14. h3 Bg6 15. Nh4 e5 16. dxe5 Nxe5 17. Be2 Rad8 18. Nxg6 hxg6 19. Red1 Nd3 20. Qc2 Nc5 21. Bc4 Rd7 22. Be1 Rfd8 23. Rxd7 Nfxd7 24. Rd1 Ne5 25. Be2 Qc7 26. Rd4 Ne6 27. Rxd8+ Qxd8 28. Qe4 Qd6 29. f4 Nd7 30. Qd3 Qxd3 31. Bxd3 Nec5 32. Bc2 Nb6 33. b3 Nd5 34. Nxd5 Bxe1 35. Nb6 Kf8 1/2-1/2

[Event "Monarch Assurance 10th"]
[Site "Port Erin"]
[Date "2001.10.05"]
[Round "7"]
[White "Kirsanov, Oleg"]
[Black "Gallagher, Joseph G"]
[Result "0-1"]
[WhiteElo "2365"]
[BlackElo "2516"]
[PlyCount "84"]
[EventDate "2001.09.29"]
[EventType "swiss"]
[EventRounds "9"]
[EventCountry "IOM"]
[SourceTitle "CBM 084 Extra"]
[Source "ChessBase"]
[SourceDate "2001.10.26"]
[SourceVersion "1"]
[SourceVersionDate "2001.10.26"]
[SourceQuality "1"]

1. d4 Nf6 2. c4 g6 3. Nc3 Bg7 4. e4 d6 5. Nf3 0-0 6. Be2 e5 7. 0-0 Nc6 8. d5 Ne7 9. b4 a5 10. Ba3 b6 11. bxa5 Rxa5 12. Bb4 Ra8 13. a4 Re8 14. a5 c5 15. dxc6 Nxc6 16. Bxd6 Nd4 17. Nxd4 exd4 18. Nb5 Nxe4 19. Bc7 Qh4 20. Bf3 Rxa5 21. Rxa5 bxa5 22. Bxe4 Rxe4 23. Nd6 Bg4 24. Qb3 Re2 25. c5 Qe7 26. Bxa5 h5 27. h3 Be6 28. Qb8+ Kh7 29. Bd8 Qd7 30. Bg5 Bd5 31. Qb6 Qe6 32. Qb4 Qe5 33. Bc1 h4 34. Qa3 Re1 35. Qd3 Rxc1 36. Rxc1 Qg5 37. Qf1 Bxg2 38. f4 Qg3 39. Qxg2 Qe3+ 40. Kh2 Qxf4+ 41. Kg1 Qxc1+ 42. Kh2 Be5+ 0-1

[Event "Monarch Assurance 10th"]
[Site "Port Erin"]
[Date "2001.10.01"]
[Round "3"]
[White "Clark Foulquier, Stephen Philip"]
[Black "Kirsanov, Oleg"]
[Result "0-1"]
[WhiteElo "2112"]
[BlackElo "2365"]
[PlyCount "64"]
[EventDate "2001.09.29"]
[EventType "swiss"]
[EventRounds "9"]
[EventCountry "IOM"]
[SourceTitle "CBM 084 Extra"]
[Source "ChessBase"]
[SourceDate "2001.10.26"]
[SourceVersion "1"]
[SourceVersionDate "2001.10.26"]
[SourceQuality "1"]

1. d4 d5 2. Bf4 Nf6 3. e3 c6 4. c4 e6 5. Nc3 Nbd7 6. Nf3 Be7 7. h3 Qa5 8. Qb3 Ne4 9. Bd3 dxc4 10. Bxc4 Nb6 11. 0-0 Nxc3 12. bxc3 Nxc4 13. Qxc4 0-0 14. Rfd1 Qd5 15. Qb3 Qh5 16. c4 b6 17. d5 Bf6 18. Rac1 e5 19. Bg3 Bxh3 20. e4 Bd7 21. c5 bxc5 22. Qb7 Bg4 23. Qxc6 Rfc8 24. Qb7 Bxf3 25. gxf3 Qxf3 26. d6 h5 27. d7 Rd8 28. Qd5 Qg4 29. Kh2 Rab8 30. Bxe5 Rxd7 31. Qxc5 Rxd1 32. Rxd1 Rc8 0-1

[Event "Monarch Assurance 10th"]
[Site "Port Erin"]
[Date "2001.09.30"]
[Round "2"]
[White "Kirsanov, Oleg"]
[Black "Bolt, Graham"]
[Result "1-0"]
[WhiteElo "2365"]
[BlackElo "2124"]
[PlyCount "41"]
[EventDate "2001.09.29"]
[EventType "swiss"]
[EventRounds "9"]
[EventCountry "IOM"]
[SourceTitle "CBM 084 Extra"]
[Source "ChessBase"]
[SourceDate "2001.10.26"]
[SourceVersion "1"]
[SourceVersionDate "2001.10.26"]
[SourceQuality "1"]

1. d4 Nf6 2. c4 g6 3. Nc3 d5 4. cxd5 Nxd5 5. Bd2 Bg7 6. e4 Nxc3 7. Bxc3 0-0 8. Rc1 c6 9. Nf3 Bg4 10. Be2 e6 11. a4 Nd7 12. 0-0 Nf6 13. h3 Bxf3 14. Bxf3 Qd7 15. Qb3 Rfd8 16. a5 Ne8 17. Rfd1 Nd6 18. d5 Bxc3 19. dxc6 Qxc6 20. Rxc3 Qb5 21. Rxd6 1-0

[Event "Monarch Assurance 10th"]
[Site "Port Erin"]
[Date "2001.09.29"]
[Round "1"]
[White "Stocek, Jiri"]
[Black "Kirsanov, Oleg"]
[Result "1-0"]
[WhiteElo "2530"]
[BlackElo "2365"]
[PlyCount "47"]
[EventDate "2001.09.29"]
[EventType "swiss"]
[EventRounds "9"]
[EventCountry "IOM"]
[SourceTitle "CBM 084 Extra"]
[Source "ChessBase"]
[SourceDate "2001.10.26"]
[SourceVersion "1"]
[SourceVersionDate "2001.10.26"]
[SourceQuality "1"]

1. e4 e5 2. f4 exf4 3. Nf3 Nf6 4. e5 Nh5 5. Qe2 g6 6. d4 Be7 7. Nc3 c6 8. g4 fxg3 9. Bh6 d5 10. exd6 Qxd6 11. 0-0-0 Bg4 12. d5 Nf4 13. Qe4 Bxf3 14. Qxf3 Nxd5 15. Bb5 g5 16. Nxd5 Qxh6 17. Qe3 Qd6 18. Rhe1 Kf8 19. Qc3 f6 20. Nxe7 Qf4+ 21. Kb1 g2 22. Qh3 cxb5 23. Ng6+ Kg7 24. Nxf4 1-0

[Event "BCF-chT 0102 (4NCL)"]
[Site "Birmingham"]
[Date "2001.09.23"]
[Round "2.2"]
[White "Kirsanov, Oleg"]
[Black "Rossiter, Philip J"]
[Result "0-1"]
[WhiteElo "2365"]
[BlackElo "2363"]
[PlyCount "74"]
[EventDate "2001.09.22"]
[EventType "team"]
[EventRounds "11"]
[EventCountry "ENG"]
[SourceTitle "CBM 084 Extra"]
[Source "ChessBase"]
[SourceDate "2001.10.26"]
[SourceVersion "1"]
[SourceVersionDate "2001.10.26"]
[SourceQuality "1"]
[WhiteTeam "Thistle White Rose"]
[BlackTeam "Wessex"]
[WhiteTeamCountry "ENG"]
[BlackTeamCountry "ENG"]

1. d4 f5 2. Nf3 Nf6 3. Bg5 Ne4 4. Bf4 e6 5. Nbd2 Bd6 6. Bxd6 Nxd6 7. e3 b6 8. Ne5 0-0 9. Be2 Bb7 10. Bf3 Ne4 11. c3 Qh4 12. 0-0 d6 13. Nd3 Nd7 14. g3 Qe7 15. Bg2 e5 16. Re1 Rae8 17. f4 exd4 18. exd4 Ndf6 19. Nf1 Qf7 20. Ne3 Qg6 21. Qc2 h5 22. Nf1 h4 23. gxh4 Nh5 24. Re3 Qg4 25. Qe2 Qxh4 26. Rh3 Nxf4 27. Nxf4 Qxf4 28. Qh5 Qf2+ 29. Kh1 Qxg2+ 30. Kxg2 Nf6+ 31. Kf2 Nxh5 32. Rxh5 Re4 33. Re1 Rf4+ 34. Ke3 Rg4 35. Re2 g6 36. Rh3 Bg2 37. Rg3 Bxf1 0-1

[Event "London MSO Banwell Memorial"]
[Site "London"]
[Date "2001.08.26"]
[Round "9"]
[White "Kirsanov, Oleg"]
[Black "Shiomi, Ryo"]
[Result "1-0"]
[WhiteElo "2365"]
[BlackElo "2044"]
[PlyCount "61"]
[EventDate "2001.08.18"]
[EventType "swiss"]
[EventRounds "10"]
[EventCountry "ENG"]
[SourceTitle "EXT 2002"]
[Source "ChessBase"]
[SourceDate "2001.11.25"]
[SourceVersion "1"]
[SourceVersionDate "2001.11.25"]
[SourceQuality "1"]

1. d4 d5 2. c4 e6 3. Nc3 c5 4. cxd5 exd5 5. Nf3 Nc6 6. Bg5 f6 7. Be3 c4 8. g3 Bb4 9. Bg2 Nge7 10. 0-0 Nf5 11. Bd2 Be6 12. a3 Be7 13. b3 Nfxd4 14. Nxd4 Nxd4 15. bxc4 dxc4 16. Bxb7 Rb8 17. Rb1 Nb3 18. Bc6+ Kf7 19. Bf4 Rb6 20. Bf3 Nd4 21. Bg2 Rxb1 22. Nxb1 Qb6 23. e3 Nf5 24. e4 Nd4 25. Be3 Rd8 26. Nc3 Qd6 27. Qh5+ Kg8 28. Rd1 g6 29. Qa5 Qc5 30. Qa4 Qe5 31. Bxd4 1-0

[Event "London MSO Banwell Memorial"]
[Site "London"]
[Date "2001.08.20"]
[Round "3"]
[White "Anagnostopoulos, Dimitrios"]
[Black "Kirsanov, Oleg"]
[Result "1/2-1/2"]
[WhiteElo "2455"]
[BlackElo "2365"]
[PlyCount "53"]
[EventDate "2001.08.18"]
[EventType "swiss"]
[EventRounds "10"]
[EventCountry "ENG"]
[SourceTitle "EXT 2002"]
[Source "ChessBase"]
[SourceDate "2001.11.25"]
[SourceVersion "1"]
[SourceVersionDate "2001.11.25"]
[SourceQuality "1"]

1. e4 Nf6 2. e5 Nd5 3. d4 d6 4. Nf3 Bg4 5. Be2 e6 6. 0-0 Be7 7. h3 Bh5 8. c4 Nb6 9. Nc3 0-0 10. Be3 a5 11. exd6 cxd6 12. Qb3 N8d7 13. Qb5 Bg6 14. c5 dxc5 15. dxc5 Nd5 16. Nxd5 exd5 17. Rfd1 Nf6 18. Ne5 Qc7 19. Nxg6 hxg6 20. Rac1 Rfc8 21. Qa4 Qe5 22. Rc2 Ne4 23. Bd4 Nxc5 24. Bxe5 Nxa4 25. Rxc8+ Rxc8 26. Rxd5 b6 27. Bb5 1/2-1/2